00229nam a2200097Ia 4500008004100000082001400041100001600055245002500071260002000096600001500116241002s9999 xx 000 0 und d a921.1 EDM aEdman Irwin 0aPhilosophers Holiday aNew York:c1956 aPhilosophy